000 01195nam a2200301 i 4500
001 179831
003 ES-MaACL
005 20230926192815.0
008 120130s2009 sp abmo |||| |dspa d
020 _a978-84-92711-39-0
080 _a94(460.283Majadas)(089.3)
100 1 _aMartínez Sáez, Anastasio.
_9149253
245 1 0 _aLas Majadas, puerta de la Serranía /
_cAnastasio Martínez Sáez, José Luis Muñoz Martínez.
246 3 _iTít. del DVD
_aLas Majadas : memorias de un pueblo
260 _aCuenca :
_bDiputación Provincial de Cuenca, Sección de Publicaciones,
_c2009.
300 _a299 p. :
_bil. col. y n., fot., mapa ;
_c24 cm +
_e1 DVD-Vídeo.
490 1 _aHistoria ;
_v39
504 _aBibliografía: p. [291]
651 7 _aLas Majadas-
_vMisceláneas.
_9149254
651 4 _aCuenca (Provincia)-
_xDescripción.
_9137110
700 1 _aMuñoz Martínez, José Luis.
_9149255
710 1 _aCuenca (Provincia).
_bDiputación Provincial.
_93346
830 0 _aHistoria ;
_v39
_9177536
852 _aES-MaACL
_jA-11943
_9186431
_bR.146866
_cDEPO1
_dOlim: N-4948
852 _aES-MaACL
_jROT 2/6/32
_z(DVD-Vídeo)
942 _2udc
_cMONOGRAFIA
999 _c179831
_d179831